000 00469pab a2200169 454500
008 180718b2008 xxu||||| |||| 00| 0 eng d
100 _aGhosh, Saswata
245 _aFertility transition in West Bengal: revisiting Basu and Amin's (2000) diffusion hypothesis: commentary
260 _c2008
300 _ap.110-16.
362 _aMar
650 _aFertility - India - West Bengal
650 _aFertility
773 _aSocial Change
908 _aN
909 _a78128
999 _c78128
_d78128